Statistiques concernant Les pays africains les plus récents

Cliquez ici pour prendre le quiz!

Statistiques générales

  • Ce quiz a été pris 77 fois
  • Le résultat moyen est 10 sur 12

Statistiques - réponses

Date d'indépendancePays% Correct
Septembre 2011Soudan du Sud
99%
Novembre 1975Angola
84%
Juin 1977Djibouti
84%
Mai 1993Érythrée
84%
5 Juillet 1975Cap-Vert
81%
Juin 1975Mozambique
81%
Mars 1990Namibie
80%
Juin 1976Seychelles
77%
Avril 1980Zimbabwe
77%
6 Juillet 1975Comores
76%
Septembre 1974Guinée-Bissau
76%
12 Juillet 1975Sao Tomé-et-Principe
76%

Distribution des résultats

Percentile par nombre de réponses

% des personnes avec chaque résultat

Votre développement - résultats

Vous n’avez pas pris ce quiz